Les plus gros transferts du football - Arrières droits - 2017-2018 - Statistiques

Statistiques générales
  • Ce quiz a été pris 29 fois
  • Le résultat moyen est 4 sur 11
Statistiques - réponses
Montant de transfert (M €) Nationalité Venant de Allant à Joueur % Correct
52,70 Angleterre Tottenham Manchester City Kyle Walker
100%
25,00 Côte d'Ivoire Paris SG Tottenham Serge Aurier
93%
35,70 Portugal Benfica Barcelone Nélson Semedo
82%
16,00 Pays-Bas Feyenoord AS Roma Rick Karsdorp
43%
10,50 Argentine Estudiantes LP Tottenham Juan Foyth
29%
9,00 France Saint-Étienne LOSC Lille Kévin Malcuit
18%
12,00 Italie AC Milan Juventus Turin Mattia De Sciglio
18%
12,50 Brésil Torino AS Roma Bruno Peres
14%
7,00 Espagne Juventus Turin Sassuolo Pol Lirola
14%
24,00 Italie Atalanta BC AC Milan Andrea Conti
7%
7,00 Allemagne TSG Hoffenheim Borussia Dortmund Jeremy Toljan
7%
Aucun quiz correspondant
Distribution des résultats
% des personnes avec chaque résultat
Percentile par nombre de réponses
Votre historique - résultats
Vous n’avez pas pris ce quiz